Dasar ekonomi baru

Bibliographic Details
Main Author: Ahmad Idris
Format: Book
Published: Petaling Jaya : IBS Buku Sdn Bhd , 1988
Subjects:

MARC

LEADER 00000cam a2200000 7i4500
001 0000001130
005 20050427.0
020 |a 9679500993 
040 |a INS 
090 0 0 |a HC445.5.   |b A7 1988 
100 0 |a Ahmad Idris 
245 1 0 |a Dasar ekonomi baru   |c Ahmad Idris 
260 |a Petaling Jaya :   |b IBS Buku Sdn Bhd ,   |c 1988 
300 |a viii, 269p. ;   |c 22 cm. 
500 |a Includes bibliography 
650 0 0 |a Economic policy 
999 |a 0000003241   |b BOOK   |c Open Shelf   |e Default branch 
999 |a 0000022189   |b BOOK   |c Open Shelf   |e Default branch